El solanum teberosum / (Record no. 13147)

000 -CABECERA
fixed length control field 00799nam a22002057a 4500
003 - IDENTIFICADOR DEL NÚMERO DE CONTROL
control field AR-CdUCM
008 - DATOS DE LONGITUD FIJA--INFORMACIÓN GENERAL
fixed length control field 190411b ||||| |||| 00| 0 spa d
040 ## - FUENTE DE LA CATALOGACIÓN
Agencia/entidad que catalogó originalmente la obra MUNICIPALIDAD PROVINCIAL DEL CUSCO
Entidad que transcribió la catalogación BIBLIOTECA MUNICIPAL DEL CUSCO
082 ## - NÚMERO DE LA CLASIFICACIÓN DECIMAL DEWEY
No. de Clasificación 635.3 /
Notacion interna V28 / 1936
100 ## - ENTRADA PRINCIPAL--NOMBRE DE PERSONA
Nombre Personal Vargas C., César
245 ## - MENCIÓN DE TÍTULO
Título El solanum teberosum /
Resto del título a través del desenvolvimiento de las actividades humanas (contribución al estudio de la planta nacional) /
260 ## - PUBLICACIÓN, DISTRIBUCIÓN, ETC.
Lugar de publicación, distribución, etc. Perú :
Fecha de publicación, distribución, etc. 1936.
300 ## - DESCRIPCIÓN FÍSICA
Nº de Páginas Extensión 73 páginas ;
Otros detalles físicos Fotografías,
Dimensiones 23 cm.
505 ## - NOTA DE CONTENIDO CON FORMATO
Nota de contenido formateada Contenido: Aspecto histórico -- Aspecto científico -- Aspecto especulativo -- Conclusiones.
650 ## - PUNTO DE ACCESO ADICIONAL DE MATERIA--TÉRMINO DE MATERIA
Descriptor Flora peruana
9 (RLIN) 19911
650 ## - PUNTO DE ACCESO ADICIONAL DE MATERIA--TÉRMINO DE MATERIA
Descriptor Flora cusqueña
9 (RLIN) 31363
650 ## - PUNTO DE ACCESO ADICIONAL DE MATERIA--TÉRMINO DE MATERIA
Descriptor Historia
9 (RLIN) 246
942 ## - ELEMENTOS DE PUNTO DE ACCESO ADICIONAL (KOHA)
Fuente de clasificación
Tipo de item Tesis y monografías
945 ## - PROCESAMIENTO DE INFORMACIÓN LOCAL (OCLC)
Catalogador davv
AAAA-MM-DD - Fecha de ingreso o modificacion 11/04/2019
Holdings
Estado de retiro (separado) Fuente de clasificación o esquema de estanterías Estado dañado Ubicación Sala donde se ubica Nombre de la colección Fecha de adquisición o compra Costo, precio normal en soles Signatura topográfica Código de Barras Última vez visto (Koha) Tipo de ítem (Koha)
No     Sala Cusco Antiguo Sala Cusco Antiguo Book Cart 2019-04-11 20.00 635.3 / V28 / 1936 SCA0002637 2019-04-11 Tesis y monografías

Powered by Koha